000 00553nam a22001817a 4500
005 20251108171115.0
008 250721s9999 xx 000 0 ara d
082 1 4 _a211.8/شلب
100 1 _aشلبي، سعد إسماعيل
245 1 0 _aأطفالنا في رحاب القرآن :
_bآيات و قصة /
264 1 _aالقاهره :
_bدار الفكر العربي،
_c[19-].
300 _aج
650 1 7 _aقصص القرآن
650 1 7 _aالأنبياء
650 1 7 _aالسيرة النبويه
942 _2ddc
_cBK
999 _c56774
_d56774